000
00301nam a22001337a 4500
008
170519b xxu||||| |||| 00| 0 eng d
020
_a
9780160723629
041
_a
eng
080
_a
94(7/8)
100
_a
16
101
_a
SHH
245
_a
AMERICAN MILITARY HISTORY
_c
SUNIDA.J.T
942
_2
udc
_c
BK
999
_c
13543
_d
13543